000 05203nam a22018974i 4500
003 PE-LiUPU
005 20250813165412.0
008 161027s2016 pe a rb 000 0 spa d
020 _a6123043471
020 _a9786123043476
035 _a(Sirsi) i9786123043476
040 _aPEUPC
_bspa
_cPEUPC
_erda
049 _aPRUA
082 0 4 _a670.7
_bD69 2016
100 1 _aDíaz Chuquipiondo, Hermilio,
_eautor
245 1 0 _aGestión de la cadena de suministro :
_balmacenamiento: logística y abastecimiento /
_cHermilio Díaz Chuquipiondo.
250 _aPrimera edición
264 1 _aLima :
_bMacro,
_c2016.
300 _a390 páginas :
_bilustraciones ;
_c25 centímetros
336 _atext
_2rdacontent
337 _aunmediated
_2rdamedia
338 _avolume
_2rdacarrier
504 _aBibliografía : página 385-390.
505 0 _aHistoria y evolución de la gestión de almacenes -- El almacén como centro generador de valor -- Objetivos de la gestión de almacenes -- Giro de la organización -- Un almacén, una necesidad -- Gestión de inventarios -- Gestión de stocks -- Sistemas de aprovisionamiento o reposición -- Distribución -- Control de flujo de materias primas -- Logística inversa -- Gestión de just in time (JIT) -- Sistema Lean -- Modelo SCOR -- Gestión de seguridad y calidad -- Servicio al cliente.
526 _aP203
526 _aP200
526 _aSEG65
526 _aSEG64
526 _aSEG63
526 _aSEG62
526 _aSEG61
526 _aSEG60
526 _aSEG59
526 _aSEG58
526 _aSEG57
526 _aSEG56
526 _aSEG55
526 _aSEG54
526 _aSEG53
526 _aSEG52
526 _aSEG51
526 _aSEG50
526 _aSEG49
526 _aSEG48
526 _aSEG47
526 _aSEG46
526 _aSEG24
526 _aSEG23
526 _aSEG22
526 _aSEG21
526 _aSEG20
526 _aSEG19
526 _aSEG18
526 _aSEG17
526 _aSEG16
526 _aSEG14
526 _aSEG13
526 _aSEG12
526 _aSEG11
526 _aSEG10
526 _aSEG09
526 _aSEG06
526 _aSEG05
526 _aSEG04
526 _aSEG03
526 _aSEG02
526 _aSEG68
526 _aSEG66
526 _aSEG45
526 _aSEG25
526 _aSEG01
526 _aP163
526 _aP162
526 _aP161
526 _aP160
526 _aP159
526 _aP158
526 _aP157
526 _aP156
526 _aP155
526 _aP154
526 _aP153
526 _aP152
526 _aP151
526 _aP150
526 _aP149
526 _aP142
526 _aP141
526 _aP140
526 _aP139
526 _aP138
526 _aP137
526 _aP132
526 _aP131
526 _aP130
526 _aP126
526 _aP125
526 _aP124
526 _aP123
526 _aP115
526 _aP122
526 _aP121
526 _aP116
526 _a P114
526 _aP112
526 _aP111
526 _aP104
526 _aP103
526 _aP102
526 _aP101
526 _aP100
526 _aP96
526 _aP95
526 _aP93
526 _aP92
526 _aP91
526 _aP88
526 _aP83
526 _aP82
526 _aP79
526 _aP78
526 _aP75
526 _aP74
526 _aP71
526 _aP69
526 _a P51
526 _aP49
526 _aP48
526 _aP47
526 _aP33
526 _aP31
526 _a P30
526 _aP29
526 _aP27
526 _aP26
526 _aP25
526 _aP24
526 _a P22
526 _aP10
526 _aP09
526 _a P08
526 _aP06
526 _aP05
526 _aP04
526 _aP01
541 _g0014-0001979;
650 0 4 _aAdministración de operaciones.
650 0 4 _aAlmacenamiento.
650 0 4 _aDistribución comercial.
650 0 4 _aLogística.
_95428
910 _armch
_btqv
_cwelc
_d20170213
910 _ajck
_bjvq
_cjpc
_d20170612
942 _2ddc
_cBOOK
949 _a670.7 D69 2016
_wDEWEY
_c1
_iFJ06723
_lCCODEBUJ1
_mBUJ
_p15.90
_r0
_sY
_tBOOK
_u2017-02-13
_xFCE
_PP04
_0COMPRA
_o.STAFF. Colección General Juliaca
994 _aC0
_bPEPRU
596 _a1 3
999 _a670.7 D69 2016
_wDEWEY
_c15640
_iFJ06723
_d15640
_e2019-3-27
_f2022-2-1
_g4
_lCCODEBUJ1
_mBUJ
_n2
_p15.90
_q3
_r0
_sY
_tBOOK
_u2017-2-13
_xFCE
_PP04
_0COMPRA
_o.STAFF. Colección General Juliaca
999 _a670.7 D69 2016
_wDEWEY
_c1
_i76214
_d2018-11-20
_e2018-11-19
_f2021-11-8
_g4
_lCCODEBUL1
_mBUL
_n6
_p20.00
_r0
_sY
_tBOOK
_u2017-6-12
_xFCE
_PP04
_0COMPRA
_o.STAFF. Colección Ciencias Empresariales
999 _a670.7 D69 2016
_wDEWEY
_c2
_i76215
_d2017-12-3
_e2017-10-5
_f2021-11-8
_g4
_lCCODEBUL1
_mBUL
_n3
_p20.00
_q2
_r0
_sY
_tBOOK
_u2017-6-12
_xFCE
_PP04
_0COMPRA
_o.STAFF. Colección Ciencias Empresariales
980 _81
_gALBERTO SANCHEZ Responsable de Automatización